[Event "ARG-ch"]
[Site "Buenos Aires"]
[Date "1975.??.??"]
[Round "6"]
[White "Panno, Oscar"]
[Black "Rubinetti, Jorge A"]
[Result "1-0"]
[WhiteElo "2545"]
[BlackElo "2440"]

1.Nf3 c5 2.e4 Nc6 3.Bb5 e6 4.O-O Nge7 5.Re1 a6 6.Bf1 d5 7.d3 dxe4 8.dxe4 Qxd1
9.Rxd1 Bd7 10.Nbd2 Nc8 11.Nc4 f6 12.a4 b6 13.c3 Nb8 14.Be3 Bc6 15.Nfd2 Nd7
16.f3 Be7 17.Bf2 Kf7 18.Bg3 Ra7 19.Rdb1 Bd8 20.b4 cxb4 21.cxb4 b5 22.axb5 Bxb5
23.Nb3 Be7 24.Nd4 e5 25.Nxb5 axb5 26.Rxa7 Nxa7 27.Na3 Rb8 28.Bf2 Rb7 29.Bxa7 Rxa7
30.Bxb5 Rxa3 31.Bxd7 Ra7 32.Bc6 Ke6 33.Bd5+ Kd7 34.h4 Ra4 35.b5 Rb4 36.Bc6+ Kc7
37.Ra1 Bc5+ 38.Kh2 Rb2 39.Ra8 Be3 40.Rg8 Bh6 41.Rh8 Bf4+ 42.Kh3 h5 43.Rg8 Bh6
44.Be8 Rb1 45.Kh2 Bf4+ 46.g3 Rb2+ 47.Kh3 Bh6 48.Bc6 Rb1 49.Re8 Rb2 50.Re7+ Kb8
51.Be8 Rb1 52.Bxh5 Rxb5 53.Kg4 Rb1 54.Kf5 Rg1 55.Kg6 Rxg3+ 56.Bg4 Rg1 57.h5 Rg2
58.Rf7  1-0

[Event "ARG-ch"]
[Site "Buenos Aires"]
[Date "1975.??.??"]
[Round "9"]
[White "Cuasnicu, Oscar"]
[Black "Rodriguez, I."]
[Result "1-0"]
[WhiteElo "2410"]
[BlackElo "2200"]

1.e4 c5 2.Nf3 Nc6 3.Bb5 g6 4.O-O Bg7 5.Re1 Nf6 6.e5 Ng4 7.Bxc6 bxc6 8.h3 Nh6
9.Nc3 O-O 10.d3 d5 11.exd6 exd6 12.Bg5 f6 13.Bd2 Nf7 14.Ne4 Ne5 15.Nxe5 fxe5
16.Bg5 Qc7 17.Qd2 Bf5 18.Re2 Rae8 19.Rae1 Be6 20.b3 Rf5 21.Be3 Bc8 22.a3 Bf8
23.Bg5 Be7 24.Bxe7 Qxe7 25.b4 cxb4 26.Qxb4 Rd8 27.Ng3 Rf7 28.d4 Ba6 29.Re3 Qf8
30.dxe5 dxe5 31.Qxf8+ Kxf8 32.Ne4 Re7 33.Rc3 Bb5 34.Rf3+ Kg7 35.Rc3 Rd4 36.Nc5 Rc4
37.Rxc4 Bxc4 38.f4 Kf6 39.fxe5+ Kf5 40.g4+ Kf4 41.Re4+ Kf3 42.Rxc4 Rxe5 43.Rc3+ Ke2  1-0

[Event "URS-ch otbor"]
[Site "Cheliabinsk"]
[Date "1975.??.??"]
[Round "?"]
[White "Lukin, Andrei M"]
[Black "Sveshnikov, Evgeny"]
[Result "1-0"]
[WhiteElo "2450"]
[BlackElo "2480"]

1.e4 c5 2.Nf3 Nc6 3.Bb5 g6 4.O-O Bg7 5.Re1 Nf6 6.e5 Nd5 7.Nc3 Nc7 8.Bxc6 bxc6
9.d4 cxd4 10.Qxd4 d5 11.Qh4 Ne6 12.Bh6 Bxh6 13.Qxh6 Qb6 14.b3 Qb4 15.Ne2 c5
16.Rad1 Bb7 17.Ng5 Nxg5 18.Qxg5 h6 19.Qg3 e6 20.c3 Qa5 21.Nf4 O-O-O 22.Nd3 Kb8
23.b4 cxb4 24.cxb4 Qa3 25.Qf4 Rd7 26.Nc5 Rc7 27.Qd2 a5 28.Re3 Qxb4 29.Na6+ Bxa6
30.Rb3 Rb7 31.Rxb4 axb4 32.Rb1 Rd8 33.Rxb4 d4 34.Rxb7+ Kxb7 35.Qb4+ Kc6 36.Qa5 Ra8
37.Qa4+ Kc5 38.Qa3+ Kb5 39.Qd6 Rc8 40.Qd7+ Kc4 41.h4 Kc3 42.Qxf7 Bc4 43.Qf4 d3
44.Qc1+ Kd4 45.Qxh6 Rb8 46.Qc1 Rb5 47.f4 Ra5 48.Qb2+ Kd5 49.a3 Rb5 50.Qc1 Rc5
51.Qd2 Bb5 52.Qb4 Rc1+ 53.Kf2 Rc2+ 54.Kf3 Kc6 55.a4 Bc4 56.a5 Kc7 57.Qb6+ Kc8
58.a6 d2 59.Qc6+ Kd8 60.Qd6+ Ke8 61.a7 Ra2 62.Qc6+ Kf7 63.Qb7+  1-0

[Event "URS-ch otbor"]
[Site "Cheliabinsk"]
[Date "1975.??.??"]
[Round "?"]
[White "Ubilava, Elizbar"]
[Black "Timoshchenko, Gennadi A"]
[Result "0-1"]
[WhiteElo "2390"]
[BlackElo "2450"]

1.e4 c5 2.Nf3 Nc6 3.Bb5 e6 4.O-O Nge7 5.b3 Nd4 6.Nxd4 cxd4 7.Bb2 a6 8.Be2 Nc6
9.c3 Bc5 10.Na3 d5 11.exd5 exd5 12.cxd4 Bxd4 13.Bxd4 Nxd4 14.Nc2 Qf6 15.Bd3 O-O
16.Ne3 Rd8 17.Rc1 Nc6 18.f4 Nb4 19.Bb1 d4 20.Nc4 Bf5 21.Bxf5 Qxf5 22.Nb6 Rab8
23.a4 d3 24.Nc4 Nc2 25.Kh1 Nd4 26.Ne5 f6 27.Nc4 Ne2 28.Ne3 Qd7 29.Rc4 Rbc8
30.Qa1 Re8 31.Qa3 Rxc4 32.bxc4 Nxf4 33.Qb3 Ne6 34.a5 Nc5 35.Qb2 h5 36.Nd5 Qf5
37.Qb1 Qg5 38.Qb6 Re2 39.Ne3 Rxd2 40.Qd8+ Kh7 41.Qd4  0-1

[Event "SVK-ch"]
[Site "Hlohovec"]
[Date "1975.??.??"]
[Round "3"]
[White "Petrik, Karol"]
[Black "Privara, Igor"]
[Result "0-1"]
[WhiteElo "2210"]
[BlackElo "2240"]

1.e4 c5 2.Nf3 Nc6 3.Bb5 g6 4.O-O Bg7 5.c3 Nf6 6.Re1 O-O 7.h3 d5 8.e5 Ne8
9.d4 Qb6 10.a4 cxd4 11.cxd4 Bf5 12.Nc3 Nc7 13.g4 Be4 14.Bxc6 Bxf3 15.Qxf3 bxc6
16.Qd3 f6 17.Be3 Ne6 18.a5 Qc7 19.f4 fxe5 20.dxe5 d4 21.Qc4 Qc8 22.Bxd4 Rxf4
23.Re4 Kh8 24.Rxf4 Nxf4 25.e6 Nxh3+ 26.Kh2 Ng5 27.Bxg7+ Kxg7 28.Ne4 Qc7+
29.Kh1 Nxe4 30.Qxe4 Rf8 31.Qd4+ Kg8 32.Qd7 Qg3 33.Qxe7 Qh3+ 34.Kg1 Qxg4+
35.Kh1 Rf2  0-1

[Event "SVK-ch"]
[Site "Hlohovec"]
[Date "1975.??.??"]
[Round "10"]
[White "Petrik, Karol"]
[Black "Krisko, D."]
[Result "0-1"]
[WhiteElo "2210"]
[BlackElo "2200"]

1.e4 c5 2.Nf3 Nc6 3.Bb5 g6 4.O-O Bg7 5.c3 Nf6 6.Re1 O-O 7.d4 cxd4 8.cxd4 d5
9.e5 Ne8 10.h3 Nc7 11.Bf1 Bf5 12.Nc3 Qd7 13.Be3 f6 14.exf6 exf6 15.Rc1 g5
16.Qd2 Rfe8 17.Na4 Ne6 18.Nc5 Nxc5 19.dxc5 Red8 20.Nd4 Nxd4 21.Bxd4 Rac8
22.Re3 Bg6 23.b4 a6 24.b5 axb5 25.Rb3 Be8 26.Bxb5 Qf7 27.Bd3 Ra8 28.Re1 Bc6
29.Bb1 Re8 30.Rbe3 Rxe3 31.Rxe3 Re8 32.Rf3 Qe7 33.Re3 Qf7 34.Qd3 Bf8 35.Rf3 Re6
36.Bxf6 Bxc5 37.Bxg5 Re1+ 38.Kh2 Bd6+ 39.Rg3 Bxg3+ 40.fxg3 Qg6 41.Qxg6+ hxg6
42.Bxg6 d4 43.h4 Re2 44.Bd3 Rxg2+ 45.Kh3 Rg1 46.Bf5 Re1 47.Bf6 Bd5 48.a3 Bf3
49.g4 Re3 50.Bxd4 Rxa3 51.Kg3 Bxg4+ 52.Kxg4 Ra4 53.Be4 Rxd4 54.Kf4 b5 55.Ke5 Rd2
56.Bc6 b4 57.Ba4 Kg7 58.Ke4 Kh6 59.Ke3 Rd6  0-1

[Event "HUN-ch"]
[Site "?"]
[Date "1975.??.??"]
[Round "?"]
[White "Sax, Gyula"]
[Black "Geszosz, P."]
[Result "1-0"]
[WhiteElo "2510"]
[BlackElo "2365"]

1.e4 c5 2.Nf3 Nc6 3.Bb5 g6 4.c3 Bg7 5.O-O Nf6 6.Re1 O-O 7.d4 cxd4 8.cxd4 a6
9.Bxc6 dxc6 10.h3 Nd7 11.Nc3 b5 12.Bg5 h6 13.Be3 Bb7 14.Qc1 Kh7 15.Rd1 Qc7
16.Bf4 Qb6 17.Qc2 Rfd8 18.Be3 Rac8 19.b4 a5 20.a3 Qc7 21.e5 Nb6 22.Ne4 Nc4
23.Bf4 Ra8 24.Bg3 Qb6 25.Nc5 Bc8 26.e6 f5 27.h4 h5 28.Qc3 Rd5 29.Bf4 Qd8
30.Ng5+ Kg8 31.Nf7 axb4 32.axb4 Rxa1 33.Rxa1 Qf8 34.Ra8 Rxd4 35.Qg3 Nb6 36.Rb8 Nd5
37.Be5 Bxe5 38.Qxe5 Rd1+ 39.Kh2 Nf6 40.f3 Rd5 41.Qc7  1-0

[Event "DSV-Turnier"]
[Site "Leipzig"]
[Date "1975.??.??"]
[Round "14"]
[White "Jansa, Vlastimil"]
[Black "Hernandez, Roman"]
[Result "0-1"]
[WhiteElo "2540"]
[BlackElo "2395"]

1.e4 c5 2.Nf3 Nc6 3.Bb5 g6 4.O-O Bg7 5.c3 Nf6 6.Re1 O-O 7.h3 a6 8.Bxc6 dxc6
9.d4 cxd4 10.cxd4 c5 11.d5 b5 12.Nc3 Bb7 13.Bf4 Rc8 14.Rc1 b4 15.Na4 c4 16.Nd2 Nxd5
17.exd5 Qxd5 18.Nf3 Qf5 19.Bg3 Bh6 20.Nh4 Qb5 21.Re5 Rcd8 22.Rxb5 Rxd1+ 23.Rxd1 axb5
24.Nc5 c3 25.Nxb7 c2 26.Rf1 c1=Q 27.Rxc1 Bxc1 28.b3 Ra8 29.Nf3 Rxa2 30.Ne5 Ra1
31.Kh2 Bd2 32.Nc6 Kf8 33.Be5 Bc3 34.Nc5 Rc1 35.Bf4 Rc2 36.Be3 Ke8 37.Nd3 Kd7
38.Nce5+ Bxe5+ 39.Nxe5+ Ke6 40.Nd3 Rc3 41.Nxb4 Rxb3 42.Nc6 Rb1 43.Kg3 b4
44.Bd2 b3 45.Bc3 Rc1 46.Nd4+ Kd5 47.Nb5 Rc2 48.Bg7 f6 49.Na3 Rc3+  0-1

[Event "Lone Pine"]
[Site "Lone Pine"]
[Date "1975.??.??"]
[Round "3"]
[White "Waterman, Deniss L"]
[Black "Barnes, Craig N"]
[Result "1/2-1/2"]
[WhiteElo "2200"]
[BlackElo "2200"]

1.e4 c5 2.Nf3 Nc6 3.Bb5 g6 4.O-O Bg7 5.Re1 e5 6.Bxc6 dxc6 7.d3 Ne7 8.Nbd2 O-O
9.a4 Qc7 10.Qe2 Be6 11.Nc4 h6 12.b3 g5 13.Ra2 Ng6 14.Qe3 b5 15.Nb2 f5 16.Qxc5 fxe4
17.dxe4 Rxf3 18.gxf3 Nh4 19.axb5 Nxf3+ 20.Kf1 Bh3+ 21.Ke2 Nd4+ 22.Kd2 Nf3+
23.Kd1 Qd7+ 24.Nd3 Nxe1 25.Kxe1 cxb5 26.Be3 a5 27.Nxe5 Qe6 28.Qc6 Ra6 29.Qxe6+ Rxe6
30.Nd3 Rxe4 31.Kd2 b4 32.Rxa5 Bc3+ 33.Kc1 Rg4 34.Kd1 Rg1+ 35.Ke2 Bf1+ 36.Kf3 Bg2+
37.Ke2 g4 38.Bc5 Bf3+ 39.Ke3 Rh1 40.Bxb4 Bxb4 41.Nxb4 Rxh2 42.Ra7 Rh1 43.Nd3 h5
44.Ne5 Bd1 45.Rc7 h4 46.Kf4 h3 47.Nxg4 h2 48.f3 Bxf3 49.Nxh2 Bd1 50.Kg3 Re1
51.b4 Re3+ 52.Kf4 Rh3 53.b5 Rxh2 54.c4 Rb2 55.Ke5 Be2 56.Kd4 Bxc4  1/2-1/2

[Event "Lone Pine"]
[Site "Lone Pine"]
[Date "1975.??.??"]
[Round "7"]
[White "Torre, Eugenio"]
[Black "Robatsch, Karl"]
[Result "1/2-1/2"]
[WhiteElo "2515"]
[BlackElo "2455"]

1.e4 c5 2.Nf3 Nc6 3.Bb5 e6 4.Bxc6 dxc6 5.O-O Qc7 6.e5 Ne7 7.d3 Nf5 8.Nbd2 Be7
9.Ne4 h6 10.Re1 b6 11.h3 Bb7 12.Bf4 O-O-O 13.a4 a5 14.Nfd2 Ba6 15.b3 g5 16.Bh2 h5
17.Nc4 Bxc4 18.bxc4 g4 19.Rb1 Rdg8 20.Kh1 Kb7 21.c3 Ka7 22.Re2 Qd7 23.Reb2 Rb8
24.Qe2 Rhd8 25.Rd1 Qe8 26.hxg4 hxg4 27.Qxg4 Qd7 28.Qf4 Rh8 29.g4 Rh4 30.Kg2 Rg8
31.f3 Nh6 32.Nf2 Nf5 33.Ne4 Nh6 34.Nf2 Nf5 35.Ne4 Nh6  1/2-1/2

[Event "FRG-ch International"]
[Site "Mannheim"]
[Date "1975.??.??"]
[Round "8"]
[White "Ostermeyer, Peter"]
[Black "Dueball, Juergen"]
[Result "1/2-1/2"]
[WhiteElo "2200"]
[BlackElo "2455"]

1.e4 c5 2.Nf3 Nc6 3.Bb5 g6 4.Bxc6 bxc6 5.d3 Bg7 6.O-O d6 7.Qe2 e5 8.Nbd2 Nf6
9.a3 O-O 10.b4 cxb4 11.axb4 Nh5 12.Nc4 Nf4 13.Bxf4 exf4 14.d4 Re8 15.Ncd2 c5
16.c3 cxb4 17.cxb4 Bb7 18.Qd3 a6 19.Ra3 d5 20.e5 Bf8 21.Rb1 Bc8 22.Qf1 Qb6
23.Rab3 Bd7 24.R1b2 Rec8 25.h3 Ra7 26.Qa1 Rac7 27.Kh2 Bb5 28.Qa5 Qc6 29.Rb1 Be7
30.Ne1 Qe6 31.Nd3 Rc2 32.Nxf4 Qf5 33.Nxd5 Bd8 34.Qxd8+ Rxd8 35.Ne7+ Kf8 36.Nxf5 Rxd2
37.Nd6 Rxd4 38.Rc1 f6 39.Nxb5 axb5 40.exf6 Kf7 41.Rc7+ R8d7 42.Rbc3 Rxc7
43.Rxc7+ Kxf6 44.Rxh7 g5 45.g4 Rxb4 46.Kg3 Kg6 47.Rh5 Rb1 48.h4 gxh4+ 49.Rxh4 Rg1+
50.Kf4 b4 51.Rh5 Rc1 52.Rb5 Rc4+ 53.Kg3 Rc3+ 54.Kg2 b3 55.f4 Kf6 56.Rb6+ Kf7
57.g5 Kg7 58.f5 Rc5 59.Rb7+ Kg8 60.Rb8+  1/2-1/2

[Event "Mexico"]
[Site "Mexico"]
[Date "1975.??.??"]
[Round "2"]
[White "Fernandez, Juan"]
[Black "Lebredo, Gerardo"]
[Result "1/2-1/2"]
[WhiteElo "2415"]
[BlackElo "2355"]

1.e4 c5 2.Nf3 Nc6 3.Bb5 e6 4.O-O Nge7 5.Nc3 Ng6 6.b3 Be7 7.Ba3 Qa5 8.Bb2 Nd4
9.Bd3 Bf6 10.Ne1 Qc7 11.Nb5 Nxb5 12.Bxf6 gxf6 13.Bxb5 a6 14.Be2 b5 15.a4 Bb7
16.axb5 axb5 17.Rxa8+ Bxa8 18.Qa1 Ke7 19.f3 Qb6 20.Qc3 d5 21.exd5 Bxd5 22.Qe3 Rb8
23.Nd3 c4 24.Nb4 Qxe3+ 25.dxe3 cxb3 26.cxb3  1/2-1/2

[Event "Pinamar tt"]
[Site "Pinamar"]
[Date "1975.??.??"]
[Round "1"]
[White "Pelikan, Jorge"]
[Black "Aparicio, Anibal"]
[Result "0-1"]
[WhiteElo "2360"]
[BlackElo "2320"]

1.e4 c5 2.Nf3 Nc6 3.Bb5 d6 4.b3 e5 5.O-O Nf6 6.Re1 Be7 7.d3 O-O 8.Bxc6 bxc6
9.Nbd2 Ne8 10.Nf1 f5 11.exf5 Bxf5 12.h3 Nc7 13.Ng3 Bg6 14.a4 Nd5 15.a5 Qd7
16.Nh2 Nb4 17.Bd2 Rf7 18.Ra4 Rb8 19.Rf1 Bh4 20.Nf3 Bxg3 21.fxg3 e4 22.dxe4 Bxe4
23.Kh2 Bxc2 24.Rxb4 cxb4 25.Qxc2 h6 26.Bf4 Rc8 27.Rd1 Rf6 28.Qc4+ d5 29.Qxb4 g5
30.Qd4 Qf7 31.Bc1 Re8 32.Bb2 Ree6 33.Ne5 Qh7 34.Re1 Rf5 35.Nf3 Rxe1 36.Nxe1 h5
37.Qe3 Qg6 38.Nf3 c5 39.h4 g4 40.Ng5 d4 41.Qe7 Rf2 42.Qd8+ Kg7 43.Qd7+ Kg8
44.Ba3 Rxg2+ 45.Kxg2 Qc2+ 46.Kf1 Qd1+  0-1

[Event "Pula zt"]
[Site "Pula"]
[Date "1975.??.??"]
[Round "?"]
[White "Hug, Werner"]
[Black "Urzica, Aurel"]
[Result "1/2-1/2"]
[WhiteElo "2420"]
[BlackElo "2250"]

1.e4 c5 2.Nf3 Nc6 3.Bb5 g6 4.O-O Bg7 5.c3 e5 6.d4 cxd4 7.cxd4 exd4 8.Bf4 a6
9.Bc4 d6 10.Nbd2 Nf6 11.Re1 O-O 12.Rc1 h6 13.Nb3 d5 14.exd5 Nxd5 15.Bxd5 Qxd5
16.Rc5 Qd8 17.Ne5 Nxe5 18.Bxe5 b6 19.Rc4 Bxe5 20.Rxe5 d3 21.Re3 Bf5 22.g4 Be6
23.Rc3 Qf6 24.Rexd3 Rad8 25.h3 Rxd3 26.Qxd3 Rd8 27.Qe2 b5 28.Rc6 Rd5 29.Nc5 Re5
30.Qd2 Qf3 31.Rxe6 Rxc5 32.Re3 Qc6 33.Rc3 Rxc3 34.bxc3 Kh7 35.Qd4 Qf3 36.Kh2 Qe2
37.a3 Qc2 38.Qf6 Qa2 39.Kg3 Kg8 40.Qxa6 Qb3 41.Qc8+ Kh7 42.Qc5 Qb1 43.Kf4 Qf1
44.Qe3 Qa1 45.Qc5 Qf1 46.h4 Qg2 47.Qe3 Qh2+ 48.Qg3 Qh1 49.Ke5 Qc6 50.Qe3 Qe6+
51.Kf4 Qd6+ 52.Qe5 Qxa3 53.h5 Qa6 54.hxg6+ Kxg6 55.Kg3 Qa1 56.Qd6+ Kg7 57.Qd4+ Kg6
58.Kg2 Qe1 59.Qh8 Qe4+ 60.Kg3 b4 61.cxb4 Qxb4 62.Qg8+ Kf6 63.Qh7 Qd2  1/2-1/2

[Event "Quito"]
[Site "Quito"]
[Date "1975.??.??"]
[Round "9"]
[White "Verduga, Denis Homero"]
[Black "Yepez, Olavo"]
[Result "1/2-1/2"]
[WhiteElo "2250"]
[BlackElo "2370"]

1.e4 c5 2.Nf3 Nc6 3.Bb5 g6 4.O-O Bg7 5.Re1 Nf6 6.c3 O-O 7.d4 cxd4 8.cxd4 d5
9.e5 Ne4 10.Nc3 Nxc3 11.bxc3 Na5 12.Bg5 Bf5 13.Nh4 Be6 14.Qc1 Nc4 15.Rb1 b6
16.Bh6 Rc8 17.h3 Rc7 18.g4 Qc8 19.Bxg7 Kxg7 20.f4 f5 21.exf6+ exf6 22.Bxc4 Rxc4
23.Qe3 Bf7 24.Rbc1 Re8 25.Qd2 Rxe1+ 26.Qxe1 Qe6 27.Qd2 Qc8 28.Qe3 Qe6 29.Kf2 Ra4
30.Rc2 Qxe3+ 31.Kxe3 Be8 32.Rb2 Bd7 33.Kd3 Kf7 34.Ng2 Ke6 35.Ne3 Kd6 36.Kc2 Be6
37.Kb1 Ra3 38.Rb3 Ra5 39.Kb2 Ra4 40.Kb1 Bf7 41.Kb2 Be8 42.Ra3 Rxa3 43.Kxa3 Bb5
44.Kb3 Bd3 45.Kb2 Kc6 46.Kb3 Kd6  1/2-1/2

[Event "URS-chT"]
[Site "Riga"]
[Date "1975.??.??"]
[Round "?"]
[White "Dvorietzky, Mark I"]
[Black "Korsunsky, Rostislav R"]
[Result "1/2-1/2"]
[WhiteElo "2495"]
[BlackElo "2200"]

1.e4 c5 2.Nf3 Nc6 3.Bb5 g6 4.O-O Bg7 5.c3 Nf6 6.Re1 O-O 7.h3 d6 8.d4 cxd4
9.cxd4 d5 10.e5 Ne4 11.Nc3 Nxc3 12.bxc3 Bd7 13.a4 Na5 14.Ba3 Rc8 15.Bb4 Nc4
16.Bxc4 Rxc4 17.a5 Bb5 18.Qb3 a6 19.Bc5 Qc7 20.e6 f6 21.Nd2 Rxc5 22.dxc5 Qxc5
23.Nf3 f5 24.Nd4 Bxd4 25.cxd4 Qxd4 26.Red1 Qe4 27.Qxd5 Bc6 28.Qxe4 fxe4 29.Rac1 Rf6
30.Rd8+  1/2-1/2

[Event "URS-chT"]
[Site "Riga"]
[Date "1975.??.??"]
[Round "?"]
[White "Goldman, L."]
[Black "Kristol, Luba"]
[Result "0-1"]
[WhiteElo "2000"]
[BlackElo "2000"]

1.e4 c5 2.Nf3 Nc6 3.Bb5 g6 4.O-O Bg7 5.Re1 Nf6 6.Bxc6 dxc6 7.d3 O-O 8.Nbd2 Qc7
9.e5 Nd5 10.h3 Rd8 11.Ne4 b6 12.a3 c4 13.Bd2 cxd3 14.c4 Bxe5 15.Nxe5 Qxe5
16.cxd5 Qxd5 17.Bg5 Qd7 18.Qf3 f6 19.Bxf6 Rf8 20.g4 Bb7 21.Rad1 c5 22.Rxd3 Qc6
23.Qg3 c4 24.Rd2 exf6 25.Rd6 Qb5 26.Nxf6+ Rxf6 27.Rxf6 Qd5 28.Kf1 Qh1+ 29.Qg1 Qxh3+
30.Ke2 Qd3+  0-1

[Event "URS-chT"]
[Site "Riga"]
[Date "1975.??.??"]
[Round "?"]
[White "Klovsky, Rafail"]
[Black "Shakarov, A."]
[Result "1/2-1/2"]
[WhiteElo "2200"]
[BlackElo "2200"]

1.e4 c5 2.Nf3 Nc6 3.Bb5 g6 4.O-O Bg7 5.Re1 Nf6 6.e5 Nd5 7.Nc3 Nc7 8.Bxc6 dxc6
9.Ne4 Ne6 10.d3 O-O 11.Be3 b6 12.a4 Nd4 13.Nxd4 cxd4 14.Bf4 Qd5 15.Nd2 c5
16.Qf3 Bb7 17.Qxd5 Bxd5 18.b3 Rac8 19.Nc4 Rc6 20.f3 h5 21.Kf2 Be6 22.h3 Kh7
23.g4 Bh6 24.Bxh6 Kxh6 25.Kg3 Rh8  1/2-1/2

[Event "URS-chT"]
[Site "Riga"]
[Date "1975.??.??"]
[Round "?"]
[White "Samaganova, Bakita"]
[Black "Zitserman, Tatyana"]
[Result "1-0"]
[WhiteElo "2000"]
[BlackElo "2200"]

1.e4 c5 2.Nf3 Nc6 3.Bb5 g6 4.O-O Bg7 5.Re1 Nf6 6.h3 O-O 7.e5 Nd5 8.Bxc6 bxc6
9.b3 a5 10.a4 Rb8 11.d3 f6 12.Bb2 e6 13.Nbd2 fxe5 14.Nxe5 Qc7 15.Qc1 d6 16.Nec4 Nc3
17.Ne4 Nxe4 18.dxe4 Bxb2 19.Qxb2 Ba6 20.Qc3 Rb4 21.Nb2 e5 22.Rad1 Rd4 23.Re3 Qb6
24.Qe1 c4 25.Nxc4 Bxc4 26.bxc4 Rxc4 27.Rxd6 Rxc2 28.Re2 Rc4 29.Qd1 Qc5 30.Qb3 Qxd6
31.Qxc4+ Kg7 32.Rc2 Rf6 33.Qc5 Qd4 34.Rc4 Qd2 35.Qxe5 Qxf2+ 36.Kh2 Qf4+ 37.Qxf4 Rxf4
38.Kg3 Rf6 39.Rc5 Rf8 40.Rxa5 Rc8 41.Rc5 Ra8 42.a5 Ra6 43.Kf4 Kf6 44.h4 Ke6
45.Ke3 Kd6 46.Kd4 Ke6 47.g4 Kd6 48.h5 Ke6 49.hxg6 hxg6 50.e5 Kd7 51.Ke4 Ke6
52.Kf4 Ke7 53.Kg5 Kf7 54.Kh6 Ra8 55.Kh7 Ra6 56.g5 Ra8 57.Rxc6 Rxa5 58.e6+ Ke7
59.Kxg6 Ra1 60.Kg7 Rh1 61.g6 Rg1 62.Ra6 Rh1 63.Kg8 Rg1 64.g7 Ke8 65.e7 Rh1
66.Rf6 Rh2 67.Rf8+ Kxe7 68.Rf4 Rh1 69.Re4+ Kd7 70.Kf7 Rf1+ 71.Kg6 Rg1+ 72.Kf6 Rg2
73.Re5 Kd6 74.Rg5 Rf2+ 75.Kg6  1-0

[Event "SWE-ch"]
[Site "?"]
[Date "1975.??.??"]
[Round "?"]
[White "Jansson, Borje"]
[Black "Liljedahl, Lennart"]
[Result "1-0"]
[WhiteElo "2380"]
[BlackElo "2325"]

1.e4 c5 2.Nf3 Nc6 3.Bb5 d6 4.O-O a6 5.Bxc6+ bxc6 6.Re1 e6 7.d3 Ne7 8.Nbd2 Ng6
9.e5 d5 10.Nb3 Qc7 11.h4 f6 12.exf6 gxf6 13.h5 Nf4 14.Nh4 Kf7 15.Qf3 Bh6
16.Bxf4 Bxf4 17.Nxc5 Rg8 18.d4 Bg5 19.h6 Qf4 20.Qh5+ Ke7 21.Nf3 Rg6 22.g3 Qf5
23.Nh4 Qxc2 24.Nxg6+ hxg6 25.Qh2 Bd7 26.h7 Rh8 27.f4 Qxh2+ 28.Kxh2 Rxh7+
29.Kg2 Bh6 30.Re2 Kd6 31.Rae1 Re7 32.Nxa6 g5 33.Kf3 gxf4 34.gxf4 f5 35.Nc5 Bg7
36.Nb3 Bf6 37.Rh1 Bc8 38.Rh6 Rf7 39.Nc5 Ke7 40.b4 Rg7  1-0

[Event "SWE-ch"]
[Site "?"]
[Date "1975.??.??"]
[Round "?"]
[White "Kaiszauri, Konstanty"]
[Black "Schneider, Lars Ake"]
[Result "1-0"]
[WhiteElo "2345"]
[BlackElo "2380"]

1.e4 c5 2.Nf3 Nc6 3.Bb5 e6 4.O-O Nge7 5.c3 a6 6.Ba4 d5 7.exd5 Qxd5 8.d4 Ng6
9.dxc5 Qxd1 10.Rxd1 Bxc5 11.Nbd2 b5 12.Bc2 Ke7 13.a4 Bd7 14.Ne4 Bb6 15.b3 b4
16.c4 Rhd8 17.c5 Ba7 18.Be3 e5 19.Nd6 f6 20.Be4 Nf8 21.Rac1 g6 22.Rd3 Ne6
23.g4 Rab8 24.h4 Ncd4 25.Nxd4 exd4 26.Bxd4 Nxd4 27.Rxd4 Be6 28.Bd5 Bxc5 29.Rxc5 Rxd6
30.Re4 f5 31.Rxe6+ Rxe6 32.Bxe6 Kxe6 33.gxf5+ gxf5 34.Rc6+ Ke5 35.Rxa6 Rg8+
36.Kf1 Rg4 37.h5 Rh4 38.Rb6 Rd4  1-0

[Event "Vilnius zt"]
[Site "Vilnius"]
[Date "1975.??.??"]
[Round "8"]
[White "Savon, Vladimir A"]
[Black "Gulko, Boris F"]
[Result "1/2-1/2"]
[WhiteElo "2575"]
[BlackElo "2480"]

1.e4 c5 2.Nf3 Nc6 3.Bb5 e6 4.Bxc6 bxc6 5.O-O Ne7 6.b3 Ng6 7.Bb2 f6 8.d4 cxd4
9.Nxd4 Be7 10.c4 O-O 11.Nc3 Qc7 12.Qd2 a6 13.Rad1 Bb7 14.f4 Rad8 15.Nde2 f5
16.exf5  1/2-1/2

[Event "Vilnius zt"]
[Site "Vilnius"]
[Date "1975.??.??"]
[Round "9"]
[White "Kholmov, Ratmir D"]
[Black "Gufeld, Eduard"]
[Result "0-1"]
[WhiteElo "2540"]
[BlackElo "2535"]

1.e4 c5 2.Nf3 Nc6 3.Bb5 g6 4.O-O Bg7 5.Re1 e5 6.Nc3 Nge7 7.Nd5 O-O 8.c3 d6
9.d3 Nxd5 10.exd5 Ne7 11.Bc4 Nf5 12.a4 Nh4 13.Nxh4 Qxh4 14.Be3 f5 15.g3 Qh3
16.f4 g5 17.d4 gxf4 18.gxf4 cxd4 19.cxd4 e4 20.Ra3 Bd7 21.Bf2 Qh6 22.Rg3 Kh8
23.Kh1 Bf6 24.Be3 Rg8 25.Reg1 Rxg3 26.Rxg3 Rg8 27.Rxg8+ Kxg8 28.Bf1 Kf8 29.a5 Be8
30.a6 bxa6 31.Bxa6 Qh3 32.Qd2 Bh5 33.b4 Bh4 34.Kg1 Bf3 35.Bb5 Qg4+  0-1

[Event "Vilnius zt"]
[Site "Vilnius"]
[Date "1975.??.??"]
[Round "14"]
[White "Savon, Vladimir A"]
[Black "Vasiukov, Evgeni"]
[Result "1/2-1/2"]
[WhiteElo "2575"]
[BlackElo "2560"]

1.e4 c5 2.Nf3 Nc6 3.Bb5 e6 4.O-O Nge7 5.Re1 a6 6.Bf1 Nd4 7.c3 Nxf3+ 8.Qxf3 Nc6
9.Na3 Qc7 10.Nc2 Bd6 11.Qh3 Ne5 12.d3 b6 13.Ne3 Bb7 14.d4 Ng6 15.d5 O-O 16.a4 Rae8
17.Bd2 Kh8 18.c4 Be5 19.Bc3 Bxc3 20.bxc3 d6 21.Qh5 Bc8 22.g3 Qd8 23.f4 f5
24.Bd3 Ne7 25.dxe6 g6 26.Qg5 fxe4  1/2-1/2

[Event "Capablanca mem-B 13th"]
[Site "Cienfuegos"]
[Date "1976.05.24"]
[Round "8"]
[White "Verduga, Denis Homero"]
[Black "Remon, Adelquis"]
[Result "0-1"]
[WhiteElo "2265"]
[BlackElo "2200"]

1.e4 c5 2.Nf3 Nc6 3.Bb5 g6 4.O-O Bg7 5.Re1 Nf6 6.c3 O-O 7.a4 a6 8.Bf1 d5
9.e5 Ne8 10.h3 Nc7 11.d4 cxd4 12.cxd4 Bf5 13.Nc3 Kh8 14.Ra3 Nb4 15.g4 Bd7
16.Ne2 b5 17.Bg5 bxa4 18.Qd2 a5 19.Bh6 Ne6 20.Bxg7+ Kxg7 21.Nh4 Qb6 22.f4 Bb5
23.Rd1 Rac8 24.Rc3 f6 25.exf6+ exf6 26.Nf3 Bxe2 27.Bxe2 Qd6 28.f5 Qg3+ 29.Kh1 Nf4
30.Rg1 Qxh3+ 31.Nh2 Rxc3 32.bxc3 Nxe2 33.Qxe2 Qxc3 34.Nf3 Qd3 35.Qf2 Qe4
36.Re1 Nd3 37.Qe2 Nxe1 38.Qxe4 dxe4  0-1

[Event "Capablanca mem-C 13th"]
[Site "Cienfuegos"]
[Date "1976.05.25"]
[Round "9"]
[White "Wade, Robert Graham"]
[Black "Jimenez Zerquera, Eleazar"]
[Result "1/2-1/2"]
[WhiteElo "2360"]
[BlackElo "2375"]

1.e4 c5 2.Nf3 Nc6 3.Bb5 g6 4.O-O Bg7 5.Re1 Nf6 6.c3 O-O 7.h3 d6 8.d4 Bd7
9.e5 dxe5 10.dxc5 e4 11.Nfd2 Ne5 12.Bxd7 Qxd7 13.Nxe4 Nd3  1/2-1/2

[Event "Capablanca mem-C 13th"]
[Site "Cienfuegos"]
[Date "1976.05.29"]
[Round "13"]
[White "Bueno Perez, Lazaro"]
[Black "Quinones, Oscar Carillo"]
[Result "1/2-1/2"]
[WhiteElo "2200"]
[BlackElo "2350"]

1.e4 c5 2.Nf3 Nc6 3.Bb5 e6 4.Bxc6 bxc6 5.O-O d5 6.Re1 Nf6 7.Nc3 Be7 8.d3 O-O
9.Bg5 h6 10.Bh4 Rb8 11.Ne5 Bd7 12.Rb1 Be8 13.f4 Rb7 14.Bf2 Qa5 15.Re2 Qa6
16.Qc1 Nd7 17.Nxd7 Rxd7 18.b3 f6 19.Na4 Bh5 20.Re1 c4 21.Nc5 Bxc5 22.Bxc5 Rfd8
23.bxc4 dxc4 24.d4 c3 25.e5 fxe5 26.Rxe5 Bg6 27.a3 Bf5 28.Rb3 Rd5 29.Rxc3 Rxe5
30.fxe5 Qe2 31.Qf1 Qd2 32.Rb3 Rd7 33.c4 Rf7 34.Rf3 Rb7 35.Rxf5 exf5 36.h3 Rb2
37.Qf3 Qe1+ 38.Kh2 Rf2 39.Qg3 f4 40.Qg4 Qe4 41.d5 Re2 42.Bf8 Qxe5 43.Bxg7 h5
44.Bxe5+ hxg4 45.Bxf4 Re4 46.Bb8 a6 47.dxc6 Rxc4 48.c7 gxh3 49.Kxh3 Kf7 50.g4 Rc3+
51.Kh4 Kg6 52.a4 Kh6 53.a5 Kg6 54.Ba7 Rxc7 55.Bb6 Rc6 56.Bd8 Rd6 57.Bb6 Kf6
58.Bc7 Rd7 59.Bf4 Ke6 60.Bb8 Rb7 61.Bg3  1/2-1/2

[Event "Capablanca mem-C 13th"]
[Site "Cienfuegos"]
[Date "1976.06.02"]
[Round "17"]
[White "Castro Rojas, Oscar Humberto"]
[Black "Cobo Arteaga, Eldis"]
[Result "0-1"]
[WhiteElo "2380"]
[BlackElo "2370"]

1.e4 c5 2.Nf3 Nc6 3.Bb5 e6 4.O-O Nge7 5.Re1 Nd4 6.Bf1 Nec6 7.d3 d6 8.Nbd2 Be7
9.c3 Nxf3+ 10.Nxf3 e5 11.h3 O-O 12.d4 cxd4 13.cxd4 exd4 14.Nxd4 Nxd4 15.Qxd4 Bf6
16.Qb4 a5 17.Qb5 a4 18.Rb1 Be6 19.b3 axb3 20.axb3 Qa5 21.Rd1 Qxb5 22.Bxb5 d5
23.exd5 Rfd8 24.Bb2 Rxd5 25.Rxd5 Bxd5 26.Bxf6 gxf6 27.b4 Ra3 28.Rd1 Bc6 29.Bc4 Ra4
30.Rd4 Kg7 31.Bd3 Ra1+ 32.Kh2 Rd1 33.Kg3 f5 34.Kf4 Bxg2 35.h4 Be4 36.Ke3 Rxd3+
37.Rxd3 Bxd3 38.Kxd3 Kg6 39.Kc4 Kh5 40.Kb5 Kxh4 41.Kb6 Kg4 42.Kxb7 h5  0-1

[Event "Agard"]
[Site "Agard"]
[Date "1976.??.??"]
[Round "10"]
[White "Paoli, Enrico"]
[Black "Horvath, Gyula"]
[Result "0-1"]
[WhiteElo "2265"]
[BlackElo "2280"]

1.e4 c5 2.Nf3 Nc6 3.Bb5 e6 4.Bxc6 bxc6 5.O-O d6 6.b3 e5 7.d3 Ne7 8.Nbd2 g6
9.Nc4 Bg7 10.Bd2 O-O 11.b4 d5 12.Ne3 c4 13.dxc4 d4 14.Qe2 dxe3 15.Bxe3 f5
16.Rfd1 Qe8 17.Bc5 h6 18.Ne1 fxe4 19.Qxe4 Rf4 20.Qd3 Ba6 21.b5 Bc8 22.Rab1 Bf5
23.Qd6 Nc8 24.Qc7 Nb6 25.bxc6 Rxc4 26.Bxb6 axb6 27.Rxb6 Rc8 28.Qa7 R4xc6
29.Rb7 Bf8 30.h3 Ra8 31.Qe3 Ra3 32.Qe2 Rxa2 33.g4 Bc8 34.Rb8 Bxg4 35.Rxe8 Bxe2
36.Rdd8 Rf6 37.Rxe5 Bc4 38.Rc8 Re6 39.Rxe6 Bxe6 40.Rc6 Kf7 41.Rc7+ Kf6 42.Kg2 Bd6
43.Rc3 Bd5+ 44.Nf3 Ra3  0-1

[Event "Banja Luka"]
[Site "Banja Luka"]
[Date "1976.??.??"]
[Round "10"]
[White "Hulak, Krunoslav"]
[Black "Hort, Vlastimil"]
[Result "0-1"]
[WhiteElo "2470"]
[BlackElo "2600"]

1.e4 c5 2.Nf3 Nc6 3.Bb5 g6 4.O-O Bg7 5.Re1 e5 6.Bxc6 dxc6 7.d3 Qe7 8.Nbd2 Nh6
9.a3 Be6 10.Nc4 f6 11.Nfd2 Nf7 12.b4 cxb4 13.axb4 O-O 14.Bb2 Rfd8 15.Bc3 Qc7
16.Qb1 Bf8 17.Qb2 Nd6 18.Nxd6 Bxd6 19.Ra4 a6 20.f4 b5 21.Raa1 c5 22.fxe5 cxb4
23.exd6 Qxc3 24.Qc1 Rxd6 25.e5 Rc6 26.Nf3 Bd5 27.exf6 Bxf3 28.f7+ Kxf7 29.Qh6 Qd4+  0-1